Score 0/20 Timer 06:00
1 Play Today
% Correct
Home Alone
91.1%
Ted
90.1%
Mary Poppins
85.9%
Despicable Me
85.2%
Forrest Gump
85.1%
Frozen
78.8%
Ghostbusters
76.6%
Harry Potter and the Sorcerer's Stone
75.3%
The Goonies
75%
Willy Wonka and the Chocolate Factory
57.1%
% Correct
Austin Powers in Goldmember
55.2%
Wreck-It Ralph
43.4%
Ocean's Eleven
43.4%
E.T.: The Extra-Terrestrial
41.9%
Caddyshack
36.3%
Chitty Chitty Bang Bang
32%
Monty Python's the Meaning of Life
26.8%
48 Hrs.
24.9%
Wayne's World
13.4%
Inspector Gadget
9.3%
Remove Ads.
Support Sporcle.
Get the best of Sporcle when you Go Orange. This ad-free experience offers more features, more stats, and more fun while also helping to support Sporcle. Thank you for becoming a member.

You're not logged in!

Compare scores with friends on all Sporcle quizzes.
OR
Log In

Show Comments

Extras

Top Quizzes Today


Score Distribution

Your Account Isn't Verified!

In order to create a playlist on Sporcle, you need to verify the email address you used during registration. Go to your Sporcle Settings to finish the process.

Report this User

Report this user for behavior that violates our Community Guidelines.

Details: